Magyar statisztikai zsebkönyv 1985

Salvato in:
Dettagli Bibliografici
Natura: Libro
Lingua:ungherese
Pubblicazione: Budapest Stasztikai Kiadó Vállalat 1986
Edizione:1. kiadás.
Tags: Aggiungi Tag
Nessun Tag, puoi essere il primo ad aggiungerne!!

MARC

LEADER 00000nam a2200000 4500
001 c033010
005 20221220071924.4
041 0 |a hun 
044 |a HU 
245 1 0 |a Magyar statisztikai zsebkönyv 1985 
250 |a 1. kiadás. 
264 1 |a Budapest  |b Stasztikai Kiadó Vállalat  |c 1986 
300 |a 236 s.